000
00312nam a22001217a 4500
008
260506b |||||||| |||| 00| 0 eng d
082
_a
001755
100
_a
K. Krishnamurthy
245
_a
Kannada Kiratarjuniya
260
_a
Mysuru
_b
Dr. K. Krishnamurthy Research Foundation
_c
2013
300
_a
140p
942
_2
ddc
999
_c
1438
_d
1438